| 000 | 01988cam a22004577a 4500 | ||
|---|---|---|---|
| 001 | 16065893 | ||
| 005 | 20251015135828.0 | ||
| 008 | 100122s2009 inua 001 0 eng d | ||
| 010 | _a 2010921236 | ||
| 016 | 7 |
_a015619975 _2Uk |
|
| 020 |
_a9780470607749 _qpbk. |
||
| 020 |
_a0470607742 _qpbk. |
||
| 035 | _a16065893 | ||
| 035 | _a(OCoLC)646309284 | ||
| 040 |
_aIMD _cIMD _dSINLB _dNUI _dYDXCP _dWEA _dBTCTA _dUKMGB _dDLC |
||
| 042 | _alccopycat | ||
| 050 | 0 | 0 |
_aTK5105.8885.D74 _bO83 2009 |
| 082 | 0 | 4 |
_a006.78 _222 _bOSB |
| 100 | 1 |
_aOsborn, Jeremy. _9131180 |
|
| 245 | 1 | 0 |
_aAdobe Dreamweaver CS5 digital classroom / _cJeremy Osborn and AGI Creative Team with Greg Heald. |
| 246 | 3 | _aAdobe Dreamweaver cascading style 5 digital classroom | |
| 246 | 3 | 0 | _aDreamweaver CS5 digital classroom |
| 246 | 3 | _aDreamweaver cascading style 5 digital classroom | |
| 260 |
_aIndianapolis, IN : _bWiley Publishing, _cc2009. |
||
| 300 |
_axix, 440 p. : _bill. (chiefly col.) ; _c24 cm. + _e1 DVD-ROM (1 computer optical disc : sd., col. ; 4 3/4 in.). |
||
| 336 |
_atext _btxt _2rdacontent |
||
| 337 |
_aunmediated _bn _2rdamedia |
||
| 338 |
_avolume _bnc _2rdacarrier |
||
| 500 | _a"A complete training package! Full-color, step-by-step instructional book ; Video training from Adobe Certified experts ; Tutorials and lesson files on companion DVD'--Cover. | ||
| 500 | _a"Part #978KPART15426 ; DVD ID #MD04610A"--Disc surface. | ||
| 500 | _aIncludes index. | ||
| 630 | 0 | 0 |
_aDreamweaver (Computer file) _9131181 |
| 650 | 0 |
_aWeb sites _xAuthoring programs. _997452 |
|
| 650 | 0 |
_aWeb site development. _955643 |
|
| 650 | 0 |
_aWeb sites _xDesign. _918036 |
|
| 700 | 1 |
_aHeald, Greg. _9131182 |
|
| 906 |
_a7 _bcbc _ccopycat _d2 _eepcn _f20 _gy-gencatlg |
||
| 942 |
_2ddc _cBK |
||
| 999 |
_c615178 _d615178 |
||